000 00502nam a2200181Ia 4500
003 GCL
008 140319s9999 xx 000 0 eng d
040 _aGCL /
_cGCL
082 0 4 _a339
_bB M
100 1 _aBAILY, MARTIN NEIL
245 1 0 _aMACROECONOMICS FINANCIAL MARKETS AND THE INTERNATIONAL SECTOR /
_cBAILY, MARTIN NEIL
700 1 _aFRIEDMAN PHILIP
260 _a[S.N] :
_bIRWIN ،
_c1995
300 _a579 P
650 0 4 _aINTERNATIONAL FINANCE
650 0 4 _aMACROECONOMICS
942 _2ddc
_cBK
999 _c10244
_d10244